1589 1597 1418 1808 1618 1741 1628 1644 1714 1621 1715 1721 1427 1455 1710 1947 1899 1544 1724 1846 1346 1150 1523 1931 1938 1166 1636 1815 1976 1880 1798 1985 1369 1013 1881 1435 1446 1202 1379 1204 1684 1970 1257 1381 1053 1920 1086 1548 1433 1548 1421 1542 1568 1836 1876 1264 1411 1879 1018 1902 1521 1923 1725 1062 1032 1472 1594 1321 1757 1108 1197 1192 1607 1276 1330 1697 1999 1458 1089 1881 1132 1575 1366 1889 1053 1756 1370 1859 1018 1602 1312 1199 1918 1032 1179 1128 1266 1038 1601 BCNSPRNW ULIB Ver.6.0+V

เปลี่ยนเป็นภาษาไทย

Change to English
 แสดงรายละเอียดบรรณานุกรม
  กลับหน้าหลัก

Brief Record : Get Marc (ISO 2709) : E-mail record : QR code < ปิดหน้าต่าง
LEADER : 00000nam 2200000uu 4500
001    13399107910
003     ULIB
008    110209s2553||||th 000 0 tha d
020    9789747089264
060  4 WY161 ^bน146ก 2553
100 0  นงเยาว์ สมพิทยานุรักษ์,^cพ.ต.อ. หญิง
245 00 การพยาบาลผู้ป่วยที่ได้รับการผ่าตัด/^cนงเยาว์ สมพิทยานุรักษ์
250    พิมพ์ครั้งที่ 1
260    กรุงเทพฯ:^bโรงพิมพ์แก่งจุฬาลงกรณ์มหาวิทยาลัย,^c2553
300    ^a188 หน้า:^bภาพประกอบ;^cซม.
650  7 การพยาบาลศัลยศาสตร์
650  7 ศัลยกรรม
650  7 ผู้ป่วยผ่าตัด^xการพยาบาล
945    ^p100^l0^i028770
945    ^p100^l0^i028769
945    ^p100^l0^i028768
945    ^p100^l0^i028767
945    ^p100^l0^i028766
945    ^p100^l0^i028765
945    ^p100^l0^i028764
999    เกษร
รายการนี้ยังไม่มีแท็ก
คุณยังไม่ได้ล็อกอิน คุณสามารถมีกิจกรรมร่วมกับเว็บไซต์ได้ แต่ต้องล็อกอินก่อน ::
  ล็อกอิน

รายการสื่อสารสนเทศ

ลำดับที่ ประเภท เลขเรียก/บาร์โค้ด สถานที่ สถานะ
1. วิทยาศาสตร์การแพทย์ และสุขภาพ
หนังสือสำรอง
สถานะ=หนังสือสำรอง
WY161 น146ก 2553 ฉ.1 
  Barcode: 028764
ห้องสมุดวิทยาเขตสวรรค์ประชารักษ์
►ส่วนจัดเก็บหนังสือเก่า สปร
บนชั้น
  ขอยืม
2. วิทยาศาสตร์การแพทย์ และสุขภาพ
วิทยาศาสตร์การแพทย์ และสุขภาพ
WY161 น146ก 2553 ฉ.2 
  Barcode: 028765
ห้องสมุดวิทยาเขตสวรรค์ประชารักษ์
►ส่วนจัดเก็บหนังสือเก่า สปร
บนชั้น
  ขอยืม
3. วิทยาศาสตร์การแพทย์ และสุขภาพ
วิทยาศาสตร์การแพทย์ และสุขภาพ
WY161 น146ก 2553 ฉ.3 
  Barcode: 028766
ห้องสมุดวิทยาเขตสวรรค์ประชารักษ์
►ส่วนจัดเก็บหนังสือเก่า สปร
บนชั้น
  ขอยืม
4. วิทยาศาสตร์การแพทย์ และสุขภาพ
วิทยาศาสตร์การแพทย์ และสุขภาพ
WY161 น146ก 2553 ฉ.4 
  Barcode: 028767
ห้องสมุดวิทยาเขตสวรรค์ประชารักษ์
►ส่วนจัดเก็บหนังสือเก่า สปร
บนชั้น
  ขอยืม
5. วิทยาศาสตร์การแพทย์ และสุขภาพ
วิทยาศาสตร์การแพทย์ และสุขภาพ
WY161 น146ก 2553 ฉ.5 
  Barcode: 028768
ห้องสมุดวิทยาเขตสวรรค์ประชารักษ์
►ส่วนจัดเก็บหนังสือเก่า สปร
บนชั้น
  ขอยืม
6. วิทยาศาสตร์การแพทย์ และสุขภาพ
วิทยาศาสตร์การแพทย์ และสุขภาพ
WY161 น146ก 2553 ฉ.6 
  Barcode: 028769
ห้องสมุดวิทยาเขตสวรรค์ประชารักษ์
►ส่วนจัดเก็บหนังสือเก่า สปร
บนชั้น
  ขอยืม
7. วิทยาศาสตร์การแพทย์ และสุขภาพ
วิทยาศาสตร์การแพทย์ และสุขภาพ
WY161 น146ก 2553 ฉ.7 
  Barcode: 028770
ห้องสมุดวิทยาเขตสวรรค์ประชารักษ์
►ส่วนจัดเก็บหนังสือเก่า สปร
บนชั้น
  ขอยืม

รายการใกล้เคียง
    หัวเรื่อง [การพยาบาลศัลยศาสตร์]
    หัวเรื่อง [ศัลยกรรม]

BibComment


ยังไม่เคยถูกคอมเมนท์

คอมเมนท์ทรัพยากรรายการนี้
  คอมเมนท์: การพยาบาลผู้ป่วยท..


 Copyright 2026. Bcnsprnw @Library